000 00617nam a22002177a 4500
005 20140222113023.0
008 140222b xxu||||| |||| 00| 0 eng d
020 _a9788125049906
_c1025.00
040 _aLoreto College
041 _aEnglish
082 _a371.3
_bNAR
245 _aIssues inlearning theories and pedagogical practices
_cEdited by Vaishna Narang
260 _aHyderabad
_bOrient Blackswan
_c2013
300 _axxviii, 468p./Vol.-I
_b22cm.
504 _aIncludes index
630 _aEducation
650 _aTeaching Technique
700 _4ed.
_aNarang, Vaishna
850 _aLCBED
942 _cBK
999 _c39067
_d89546